Score 0/20 Timer 04:00
4 Plays Today
Movie Article (A, T or N)? % Correct
Beautiful Mind (2001)???
95.4%
Last of the Mohicans (1992)???
88.1%
Fast and the Furious (2001)???
87.7%
Time to Kill (1996)???
86.5%
West Side Story (1961)???
83.2%
Gangs of New York (2002)???
79.6%
Bronx Tale (1993)???
78.8%
Silence of the Lambs (1991)???
77.4%
Santa Clause (1994)???
77.4%
Simple Plan (1998)???
74.4%
Movie Article (A, T or N)? % Correct
Dead Poets Society (1989)???
73.7%
Night at the Opera (1935)???
71.8%
Cat on a Hot Tin Roof (1958)???
63.4%
Bridge on the River Kwai (1957)???
59.4%
Nightmare Before Christmas (1993)???
59.3%
Rope (1948)???
50.3%
Scanner Darkly (2006)???
49.7%
Bad Day at Black Rock (1955)???
34.5%
25th Hour (2002)???
31.5%
Separation (2011)???
25.7%
Remove Ads.
Support Sporcle.
Get the best of Sporcle when you Go Orange. This ad-free experience offers more features, more stats, and more fun while also helping to support Sporcle. Thank you for becoming a member.

You're not logged in!

Compare scores with friends on all Sporcle quizzes.
OR
Log In

Show Comments

Extras

Top Quizzes Today


Score Distribution

Your Account Isn't Verified!

In order to create a playlist on Sporcle, you need to verify the email address you used during registration. Go to your Sporcle Settings to finish the process.

Report this User

Report this user for behavior that violates our Community Guidelines.

Details: